Epilog zur Ekklesiologie

Saved in:  
Bibliographic Details
Main Author: Pesch, Otto Hermann 1931-2014 (Author)
Format: Electronic Article
Language:German
Check availability: HBZ Gateway
Interlibrary Loan:Interlibrary Loan for the Fachinformationsdienste (Specialized Information Services in Germany)
Published: 1997
In: Ökumenische Rundschau
Year: 1997, Volume: 46, Issue: 3, Pages: 284-302
Standardized Subjects / Keyword chains:B Ecclesiology / Ecumenical theology
IxTheo Classification:KDJ Ecumenism
NBN Ecclesiology
Further subjects:B Ecclesiology
B Epilog
Online Access: Volltext (kostenfrei)
Parallel Edition:Non-electronic

MARC

LEADER 00000naa a22000002c 4500
001 1925376044
003 DE-627
005 20250512155310.0
007 cr uuu---uuuuu
008 250512s1997 xx |||||o 00| ||ger c
024 7 |a 10.71860/kr.v46i3.124211  |2 doi 
035 |a (DE-627)1925376044 
035 |a (DE-599)KXP1925376044 
040 |a DE-627  |b ger  |c DE-627  |e rakwb 
041 |a ger 
084 |a 1  |2 ssgn 
100 1 |0 (DE-588)119254093  |0 (DE-627)080057012  |0 (DE-576)162523068  |4 aut  |a Pesch, Otto Hermann  |d 1931-2014 
109 |a Pesch, Otto Hermann 1931-2014  |a Pesch, Otto H. 1931-2014  |a Pesch, O. H. 1931-2014  |a Pesch, Otto M. 1931-2014  |a Pesch, Otto M. (Hermann) 1931-2014  |a Pesch, P. Fr. Otto M. (Hermann) 1931-2014 
245 1 0 |a Epilog zur Ekklesiologie  |c von Otto Hermann Pesch 
264 1 |c 1997 
336 |a Text  |b txt  |2 rdacontent 
337 |a Computermedien  |b c  |2 rdamedia 
338 |a Online-Ressource  |b cr  |2 rdacarrier 
506 |a [DE-21]Open Access  |e Controlled Vocabulary for Access Rights  |u http://purl.org/coar/access_right/c_abf2 
533 |a Reproduktion  |d 2025  |7 |2025|||||||||| 
540 |a [DE-21]Urheberrechtsschutz 1.0  |2 rs  |u https://rightsstatements.org/page/InC/1.0/?language=en 
650 0 7 |0 (DE-588)4070730-1  |0 (DE-627)106099396  |0 (DE-576)209181850  |a Ekklesiologie  |2 gnd 
650 0 7 |0 (DE-588)4152517-6  |0 (DE-627)105537691  |0 (DE-576)209796162  |a Epilog  |2 gnd 
652 |a KDJ:NBN 
689 0 0 |d s  |0 (DE-588)4070730-1  |0 (DE-627)106099396  |0 (DE-576)209181850  |2 gnd  |a Ekklesiologie 
689 0 1 |d s  |0 (DE-588)4172412-4  |0 (DE-627)105387401  |0 (DE-576)209943289  |2 gnd  |a Ökumenische Theologie 
689 0 |5 (DE-627) 
773 0 8 |i Enthalten in  |t Ökumenische Rundschau  |d Leipzig : Evangelische Verlagsanstalt, 1952  |g 46(1997), 3, Seite 284-302  |h Online-Ressource  |w (DE-627)1747895733  |w (DE-600)3053255-3  |x 2942-1608  |7 nnas 
773 1 8 |g volume:46  |g year:1997  |g number:3  |g pages:284-302 
776 0 8 |i Elektronische Reproduktion von  |a Pesch, Otto Hermann, 1931 - 2014  |t Epilog zur Ekklesiologie  |d 1997  |w (DE-627)1643865242  |w (DE-576)465818684  |k Non-Electronic 
856 4 0 |u https://doi.org/10.71860/kr.v46i3.124211  |x Digitalisierung  |z kostenfrei  |3 Volltext  |7 0 
935 |a mteo  |a FRST  |a DTH5 
951 |a AR 
ELC |a 1 
ITA |a 1  |t 1 
LOK |0 000 xxxxxcx a22 zn 4500 
LOK |0 001 4723639055 
LOK |0 003 DE-627 
LOK |0 004 1925376044 
LOK |0 005 20250512154024 
LOK |0 008 250512||||||||||||||||ger||||||| 
LOK |0 040   |a DE-Tue135  |c DE-627  |d DE-Tue135 
LOK |0 092   |o n 
LOK |0 852   |a DE-Tue135 
LOK |0 852 1  |9 00 
LOK |0 935   |a ixzs 
LOK |0 936ln  |0 1442052414  |a NBN 
LOK |0 936ln  |0 1442050608  |a KDJ 
LOK |0 939   |a 12-05-25  |b l01 
OAS |a 1 
ORI |a SA-MARC-ixtheoa001.raw 
STA 0 0 |a Ecclesiology,Church,Church,Ecumenical theology,Ecumenics,Interconfessional theological dialog,Epilog,Epilogue 
STB 0 0 |a Ecclésiologie,Théologie œcuménique,Épilogue 
STC 0 0 |a Eclesiología,Epílogo,Teología ecuménica 
STD 0 0 |a Ecclesiologia,Epilogo,Teologia ecumenica 
STE 0 0 |a 后记,结束语,跋,教会论,教会学,普世合一神学 
STF 0 0 |a 後記,結束語,跋,教會論,教會學,普世合一神學 
STG 0 0 |a Eclesiologia,Epílogo,Teologia ecumênica 
STH 0 0 |a Экклезиология,Экуменическое богословие,Эпилог 
STI 0 0 |a Εκκλησιολογία,Επίλογος,Οικουμενική θεολογία 
SYE 0 0 |a Kirchenbegriff,Kirchenverständnis 
SYG 0 0 |a Kirchenbegriff,Kirchenverständnis , Ökumenik